A handbook on the companies act (Record no. 346458)

000 -LEADER
fixed length control field 00370cam a22001217a 4500
008 - FIXED-LENGTH DATA ELEMENTS--GENERAL INFORMATION
fixed length control field 180718b1975 xxu||||| |||| 00| 0 eng d
082 ## - DEWEY DECIMAL CLASSIFICATION NUMBER
Classification number T3103x54 In2h/75
245 ## - TITLE STATEMENT
Title A handbook on the companies act
Statement of responsibility, etc. by Indian Chamber of Commerce
260 ## - PUBLICATION, DISTRIBUTION, ETC.
Place of publication, distribution, etc. Delhi
Name of publisher, distributor, etc. Oxford and IBH
Date of publication, distribution, etc. 1975
300 ## - PHYSICAL DESCRIPTION
Extent 303p.
650 ## - SUBJECT ADDED ENTRY--TOPICAL TERM
Topical term or geographic name entry element Corporation law - India
700 ## - ADDED ENTRY--PERSONAL NAME
Personal name Indian Chamber of Commerce
Holdings
Withdrawn status Lost status Damaged status Not for loan Permanent Location Current Location Date acquired Full call number Barcode Date last seen Price effective from Koha item type
        Indian Institute of Public Administration Indian Institute of Public Administration 1993-10-11 T3103x54 In2h/75 50190 2018-07-21 2018-07-21 Book

Powered by Koha